[Event "Rhein Main op-A 24th"]
[Site "Bad Homburg"]
[Date "2022.06.19"]
[Round "7"]
[White "Zilch, Lothar"]
[Black "Novak, Volker"]
[Result "0-1"]
[WhiteElo "1906"]
[BlackElo "2091"]
[PlyCount "96"]
[EventDate "2022.06.15"]
[EventType "swiss"]
[EventRounds "7"]
[EventCountry "GER"]
[SourceTitle "EXT 2023"]
[Source "ChessBase"]
[SourceDate "2022.10.05"]
[SourceVersion "1"]
[SourceVersionDate "2022.10.05"]
[SourceQuality "1"]

1. Nf3 d5 2. b3 Bg4 3. e3 e6 4. Bb2 Nf6 5. h3 Bh5 6. g4 Bg6 7. Ne5 Nbd7 8. Nxg6 hxg6 9. Bg2 Bd6 10. d3 Qe7 11. Nd2 Ba3 12. Qc1 Bxb2 13. Qxb2 c6 14. Nf3 e5 15. 0-0-0 0-0-0 16. Nd2 g5 17. c4 Nc5 18. Qc2 e4 19. dxe4 dxe4 20. Rhf1 Qe5 21. Kb1 Rhe8 22. f3 Qg3 23. Nxe4 Nfxe4 24. fxe4 Rxd1+ 25. Rxd1 Qxe3 26. Rd2 Rd8 27. Rxd8+ Kxd8 28. Kb2 Ke7 29. Qc3 Qf2+ 30. Qc2 Qxc2+ 31. Kxc2 Kd6 32. Kd2 Ke5 33. Ke3 a5 34. Bh1 Ne6 35. Bg2 Nd4 36. Kd3 c5 37. Kc3 Ne2+ 38. Kd2 Nf4 39. Bf1 Kxe4 40. a3 Kd4 41. Kc2 b6 42. b4 axb4 43. axb4 cxb4 44. Kb3 Kc5 45. Kb2 Ng6 46. Kb3 Ne5 47. Be2 Nc6 48. Bf1 Na5+ 0-1

[Event "Rhein Main op-A 24th"]
[Site "Bad Homburg"]
[Date "2022.06.18"]
[Round "5"]
[White "Rubsamen, Cornelius"]
[Black "Novak, Volker"]
[Result "1/2-1/2"]
[WhiteElo "2214"]
[BlackElo "2091"]
[PlyCount "20"]
[EventDate "2022.06.15"]
[EventType "swiss"]
[EventRounds "7"]
[EventCountry "GER"]
[SourceTitle "EXT 2023"]
[Source "ChessBase"]
[SourceDate "2022.10.05"]
[SourceVersion "1"]
[SourceVersionDate "2022.10.05"]
[SourceQuality "1"]

1. e4 e5 2. Nf3 Nc6 3. Bb5 a6 4. Ba4 Nf6 5. 0-0 Nxe4 6. d4 b5 7. Bb3 d5 8. dxe5 Be6 9. Be3 Be7 10. Nbd2 Nc5 1/2-1/2

[Event "Rhein Main op-A 24th"]
[Site "Bad Homburg"]
[Date "2022.06.17"]
[Round "4"]
[White "Novak, Volker"]
[Black "Mews, Bernhard"]
[Result "1-0"]
[WhiteElo "2091"]
[BlackElo "2020"]
[PlyCount "113"]
[EventDate "2022.06.15"]
[EventType "swiss"]
[EventRounds "7"]
[EventCountry "GER"]
[SourceTitle "EXT 2023"]
[Source "ChessBase"]
[SourceDate "2022.10.05"]
[SourceVersion "1"]
[SourceVersionDate "2022.10.05"]
[SourceQuality "1"]

1. Nf3 c5 2. c4 Nc6 3. Nc3 g6 4. e3 Nf6 5. d4 cxd4 6. exd4 d5 7. cxd5 Nxd5 8. Qb3 Nxc3 9. Bc4 Nd5 10. Bxd5 e6 11. Bxc6+ bxc6 12. 0-0 Qd5 13. Qxd5 cxd5 14. Bf4 f6 15. Rfc1 g5 16. Bg3 h5 17. h4 g4 18. Ne1 Rh7 19. Nd3 Rb7 20. Rc2 Bh6 21. Re1 Bd7 22. Nc5 Rc8 23. Rce2 Rb6 24. Nxe6 Kf7 25. Nc5 Bf5 26. b3 Bf8 27. Bf4 Rb4 28. Be3 a5 29. Rd2 Bg6 30. Nd3 Rb5 31. Red1 a4 32. bxa4 Ra5 33. Nf4 Be4 34. Rb2 Rxa4 35. Rb7+ Be7 36. Nxh5 Rxa2 37. Ng3 Bh7 38. Kh2 Rcc2 39. Nf1 Ke6 40. Rb6+ Kf7 41. Kg3 Ra8 42. Bf4 Raa2 43. Rd2 Rc3+ 44. Kxg4 f5+ 45. Kh5 Ra8 46. Bg5 Bf8 47. Rb7+ Kg8 48. Rb6 Rac8 49. Re2 R3c6 50. Re6 Rxb6 51. Rxb6 Kf7 52. Rb7+ Kg8 53. Ne3 Rc6 54. Rxh7 Kxh7 55. Nxd5 Rd6 56. Nf6+ Kg7 57. Ne8+ 1-0

[Event "Oberliga Ost-B 2122"]
[Site "Germany"]
[Date "2022.03.05"]
[Round "8.7"]
[White "Novak, Volker"]
[Black "Ochs, Holger"]
[Result "1/2-1/2"]
[WhiteElo "2066"]
[BlackElo "2226"]
[PlyCount "35"]
[EventDate "2021.10.10"]
[EventType "team-tourn"]
[EventRounds "11"]
[EventCountry "GER"]
[SourceTitle "EXT 2023"]
[Source "ChessBase"]
[SourceDate "2022.10.05"]
[SourceVersion "1"]
[SourceVersionDate "2022.10.05"]
[SourceQuality "1"]
[WhiteTeam "Bad Homburg"]
[BlackTeam "Wiesbaden"]
[WhiteTeamCountry "GER"]
[BlackTeamCountry "GER"]

1. c4 e6 2. Nc3 d5 3. d4 Bb4 4. e3 Nf6 5. Bd3 e5 6. dxe5 dxc4 7. Qa4+ Nc6 8. Bxc4 Ne4 9. Nge2 Nc5 10. Qc2 Nxe5 11. Bb3 Ned3+ 12. Kf1 Nxb3 13. Qxb3 Be6 14. Qa4+ c6 15. Qc2 Nxc1 16. Rxc1 0-0 17. a3 Bxc3 18. Qxc3 1/2-1/2

[Event "Rhein Main op-A 22nd"]
[Site "Bad Homburg"]
[Date "2019.06.22"]
[Round "5"]
[White "Novak, Volker"]
[Black "Rempe, Jonas"]
[Result "1/2-1/2"]
[WhiteElo "2107"]
[BlackElo "1781"]
[PlyCount "63"]
[EventDate "2019.06.19"]
[EventType "swiss"]
[EventRounds "9"]
[EventCountry "GER"]
[SourceTitle "EXT 2020"]
[Source "ChessBase"]
[SourceDate "2019.10.17"]
[SourceVersion "1"]
[SourceVersionDate "2019.10.17"]
[SourceQuality "1"]

1. Nf3 Nf6 2. c4 g6 3. Nc3 Bg7 4. g3 0-0 5. Bg2 d6 6. 0-0 Nbd7 7. Rb1 c6 8. d4 Qc7 9. e4 e5 10. h3 h6 11. Be3 Kh7 12. Qc2 Ng8 13. Rfd1 Ne7 14. dxe5 dxe5 15. g4 g5 16. Ne2 Ng6 17. Ng3 Nf6 18. Bc5 Rd8 19. Rxd8 Qxd8 20. Rd1 Qe8 21. Nf5 Bxf5 22. exf5 Nf4 23. Re1 e4 24. Nd2 Nd3 25. Rxe4 Nxe4 26. Nxe4 Nxc5 27. f6 Nxe4 28. Bxe4+ Kh8 29. fxg7+ Kxg7 30. Qc3+ f6 31. Bc2 Qe5 32. Qd3 1/2-1/2

[Event "Hessenliga 1112"]
[Site "Germany"]
[Date "2011.12.04"]
[Round "4.8"]
[White "Novak, Volker"]
[Black "Reh, Philipp"]
[Result "1/2-1/2"]
[WhiteElo "2107"]
[BlackElo "2078"]
[PlyCount "30"]
[EventDate "2011.09.25"]
[EventType "team-tourn"]
[EventRounds "9"]
[EventCountry "GER"]
[SourceTitle "EXT 2013"]
[Source "ChessBase"]
[SourceDate "2012.11.22"]
[SourceVersion "1"]
[SourceVersionDate "2012.11.22"]
[SourceQuality "1"]
[WhiteTeam "Bad Homburg"]
[BlackTeam "Fulda"]
[WhiteTeamCountry "GER"]
[BlackTeamCountry "GER"]

1. Nf3 d5 2. c4 e6 3. g3 c6 4. b3 f5 5. Bg2 Nf6 6. 0-0 Bd6 7. Bb2 0-0 8. d3 Bd7 9. Nbd2 Qe7 10. e4 Ba3 11. Bxa3 Qxa3 12. e5 Ng4 13. Qc1 Qe7 14. Qb2 Na6 15. d4 Nh6 1/2-1/2

[Event "Hessenliga 1011"]
[Site "Germany"]
[Date "2011.03.13"]
[Round "7.6"]
[White "Kopp, Peter"]
[Black "Novak, Volker"]
[Result "1/2-1/2"]
[WhiteElo "2140"]
[BlackElo "2107"]
[PlyCount "44"]
[EventDate "2010.09.26"]
[EventType "team-tourn"]
[EventRounds "9"]
[EventCountry "GER"]
[SourceTitle "EXT 2012"]
[Source "ChessBase"]
[SourceDate "2011.11.24"]
[SourceVersion "1"]
[SourceVersionDate "2011.11.24"]
[SourceQuality "1"]
[WhiteTeam "Hofheim II"]
[BlackTeam "Bad Homburg"]
[WhiteTeamCountry "GER"]
[BlackTeamCountry "GER"]

1. e4 c6 2. d4 d5 3. exd5 cxd5 4. c4 Nf6 5. Nc3 e6 6. cxd5 Nxd5 7. Nf3 Bb4 8. Bd2 0-0 9. Bd3 Nc6 10. 0-0 Be7 11. Qe2 Nf6 12. Be3 Nb4 13. Bc4 b6 14. Rad1 Bb7 15. a3 Nbd5 16. Nxd5 Bxd5 17. Bd3 Be4 18. Bxe4 Nxe4 19. Ne5 Qd5 20. f3 Nd6 21. Nd3 Qb5 22. Rfe1 Rfd8 1/2-1/2

[Event "Rhein Main op 13th"]
[Site "Bad Homburg"]
[Date "2010.06.05"]
[Round "6"]
[White "Novak, Volker"]
[Black "Gilles, Jean Claude"]
[Result "1/2-1/2"]
[WhiteElo "2107"]
[BlackElo "1979"]
[PlyCount "102"]
[EventDate "2010.06.02"]
[EventType "swiss"]
[EventRounds "7"]
[EventCountry "GER"]
[SourceTitle "EXT 2011"]
[Source "ChessBase"]
[SourceDate "2010.11.26"]
[SourceVersion "1"]
[SourceVersionDate "2010.11.26"]
[SourceQuality "1"]

1. c4 f5 2. Nf3 Nf6 3. g3 g6 4. Bg2 Bg7 5. 0-0 d6 6. Nc3 e5 7. Rb1 c6 8. b4 0-0 9. a4 e4 10. Nd4 a6 11. b5 axb5 12. axb5 Ng4 13. bxc6 bxc6 14. Rxb8 Rxb8 15. Nxc6 Qc7 16. Nxb8 Qxb8 17. Nd5 Be6 18. d3 Bxd5 19. cxd5 exd3 20. Qxd3 Rc8 21. Bf4 Ne5 22. Qa6 Rc2 23. h3 h6 24. e3 Qb4 25. Qa8+ Kh7 26. Qe8 Rc4 27. Qe6 Qc5 28. h4 h5 29. Qe7 Kg8 30. Qe6+ Kh7 31. Bxe5 Bxe5 32. Qd7+ Kh6 33. Qc6 Qb4 34. Qe8 Qd2 35. Qf8+ Kh7 36. Qe7+ Kh6 37. Qg5+ Kh7 38. Bf3 Rc1 39. Rxc1 Qxc1+ 40. Kg2 Qc2 41. Qe7+ Kh6 42. Qd7 Qc4 43. Qa7 Qb4 44. Qa2 Bc3 45. Qc2 Qb2 46. Qd3 Be1 47. Qf1 Bb4 48. e4 fxe4 49. Bxe4 Bc5 50. Qe1 Kg7 51. Bd3 Qe5 1/2-1/2

[Event "Hessenliga 0910"]
[Site "Germany"]
[Date "2010.01.31"]
[Round "6.7"]
[White "Novak, Volker"]
[Black "Regis, Georg"]
[Result "1-0"]
[WhiteElo "2108"]
[BlackElo "2137"]
[PlyCount "121"]
[EventDate "2009.09.20"]
[EventType "team-tourn"]
[EventRounds "9"]
[EventCountry "GER"]
[SourceTitle "EXT 2011"]
[Source "ChessBase"]
[SourceDate "2010.11.26"]
[SourceVersion "1"]
[SourceVersionDate "2010.11.26"]
[SourceQuality "1"]
[WhiteTeam "Bad Homburg"]
[BlackTeam "Dotzheim"]
[WhiteTeamCountry "GER"]
[BlackTeamCountry "GER"]

1. c4 Nf6 2. Nf3 c6 3. g3 d5 4. b3 dxc4 5. bxc4 e5 6. Bb2 e4 7. Nd4 Bd6 8. Bg2 0-0 9. Qc2 Re8 10. 0-0 Na6 11. Nc3 Be5 12. Nb3 Bf5 13. Nd1 Qd7 14. Ne3 Bh3 15. Rad1 Bxg2 16. Kxg2 Ng4 17. Bxe5 Rxe5 18. h3 Nxe3+ 19. dxe3 Qe6 20. Rd4 c5 21. Rd2 Rh5 22. g4 Rg5 23. Rfd1 h5 24. Rd8+ Rxd8 25. Rxd8+ Kh7 26. f4 Rg6 27. Rd5 f5 28. Re5 Qd7 29. Qd2 Rd6 30. Qe1 hxg4 31. hxg4 Rg6 32. Qh4+ Kg8 33. Re7 Rxg4+ 34. Qxg4 Qxe7 35. Qxf5 Nb4 36. Nxc5 Nc2 37. Qd5+ Kh7 38. Qh5+ Kg8 39. Kf2 b6 40. Qd5+ Kh7 41. Qxe4+ Qxe4 42. Nxe4 Nb4 43. Nc3 Kh6 44. Kf3 Kg6 45. Ke4 Kf7 46. Ke5 Nc2 47. e4 Ne3 48. Nb5 Nxc4+ 49. Kd4 Na5 50. Nxa7 g5 51. fxg5 Kg6 52. Kd5 Kxg5 53. Nc8 b5 54. Nd6 b4 55. Nb5 Kf6 56. Nd4 Kg5 57. e3 Kf6 58. e5+ Ke7 59. Nc6+ Nxc6 60. Kxc6 Ke6 61. Kc5 1-0

[Event "Hessenliga 0910"]
[Site "Germany"]
[Date "2009.11.29"]
[Round "4.7"]
[White "Novak, Volker"]
[Black "Prange, Dieter"]
[Result "1-0"]
[WhiteElo "2108"]
[BlackElo "2148"]
[PlyCount "72"]
[EventDate "2009.09.20"]
[EventType "team-tourn"]
[EventRounds "9"]
[EventCountry "GER"]
[SourceTitle "EXT 2011"]
[Source "ChessBase"]
[SourceDate "2010.11.26"]
[SourceVersion "1"]
[SourceVersionDate "2010.11.26"]
[SourceQuality "1"]
[WhiteTeam "Bad Homburg"]
[BlackTeam "Marburg"]
[WhiteTeamCountry "GER"]
[BlackTeamCountry "GER"]

1. c4 e5 2. Nc3 Nc6 3. Nf3 g6 4. d4 exd4 5. Nxd4 Bg7 6. Nxc6 bxc6 7. g3 Qe7 8. Bg2 Qc5 9. 0-0 Ne7 10. Bf4 Qxc4 11. Rc1 Qe6 12. Bxc7 0-0 13. Qa4 d5 14. Rfd1 Bd7 15. Qa5 Rfc8 16. e4 Bxc3 17. Rxc3 dxe4 18. Re3 Nd5 19. Rxe4 Qf5 20. Bd6 Qh5 21. Rde1 Qf5 22. Qd2 Qf6 23. Be5 Qd8 24. Rh4 Qf8 25. Ree4 Re8 26. Rxh7 Rxe5 27. Reh4 Rh5 28. R7xh5 gxh5 29. Rxh5 Re8 30. Bxd5 cxd5 31. Rg5+ Kh7 32. Qf4 Re1+ 33. Kg2 Bh3+ 34. Kxh3 Qh6+ 35. Kg2 Re7 36. Qf5+ Kh8 1-0

[Event "Rhein Main op 11th"]
[Site "Bad Homburg"]
[Date "2008.05.22"]
[Round "2"]
[White "Wahedi, Ahmad Siar"]
[Black "Novak, Volker"]
[Result "0-1"]
[WhiteElo "2272"]
[BlackElo "2054"]
[PlyCount "156"]
[EventDate "2008.05.21"]
[EventType "swiss"]
[EventRounds "7"]
[EventCountry "GER"]
[SourceTitle "CBM 124 Extra"]
[Source "ChessBase"]
[SourceDate "2008.07.03"]
[SourceVersion "1"]
[SourceVersionDate "2008.07.03"]
[SourceQuality "1"]

1. d4 d6 2. Nf3 Nf6 3. Nbd2 g6 4. e4 Bg7 5. Bc4 0-0 6. Bb3 Nc6 7. c3 Nd7 8. Nc4 e5 9. 0-0 Nb6 10. Ne3 Re8 11. dxe5 Nxe5 12. Nxe5 Rxe5 13. Ng4 Bxg4 14. Qxg4 Qd7 15. Qxd7 Nxd7 16. f3 a5 17. a4 Rae8 18. Rd1 Kf8 19. Bf4 R5e7 20. Rd5 b6 21. Bc4 Nf6 22. Rdd1 Nh5 23. Bd2 f5 24. exf5 gxf5 25. g3 Be5 26. Bb5 Rb8 27. Be1 Kg7 28. Bd3 f4 29. g4 Nf6 30. Bf5 Nd7 31. Ra2 Bf6 32. b4 Ne5 33. Be4 Nc4 34. b5 Ne3 35. Rc1 d5 36. Bd3 Rd8 37. Bf2 Rd6 38. c4 c5 39. bxc6 Rxc6 40. Rb1 dxc4 41. Be4 Rd6 42. Re2 Bd4 43. Bxe3 Bxe3+ 44. Kf1 Rc7 45. Rc2 c3 46. Rb5 h6 47. g5 Bd2 48. Re5 hxg5 49. Rxg5+ Kf8 50. h4 Rc4 51. Ra2 Rb4 52. h5 Rb2 53. Rxb2 cxb2 54. Kg2 Re6 55. Bd3 Re3 56. Bc2 Re2+ 57. Kh3 Bc3 58. Bg6 Re1 59. Rf5+ Kg7 60. Rf7+ Kg8 61. Rc7 Bd4 62. Rc8+ Kg7 63. Rc7+ Kf6 64. Rf7+ Kg5 65. Rf5+ Kh6 66. Rxf4 Bg7 67. Rc4 b1Q 68. Bxb1 Rxb1 69. Rc7 Rb4 70. Re7 Bd4 71. Rd7 Bc5 72. Rd5 Rxa4 73. Kg3 Rd4 74. Rf5 a4 75. f4 a3 76. Rf7 Ra4 77. Kg4 a2 78. Rf6+ Kh7 0-1

[Event "Rhein Main op 11th"]
[Site "Bad Homburg"]
[Date "2008.05.21"]
[Round "1"]
[White "Novak, Volker"]
[Black "Kuenne, Lutz Dieter"]
[Result "1-0"]
[WhiteElo "2054"]
[BlackElo "1588"]
[PlyCount "59"]
[EventDate "2008.05.21"]
[EventType "swiss"]
[EventRounds "7"]
[EventCountry "GER"]
[SourceTitle "CBM 124 Extra"]
[Source "ChessBase"]
[SourceDate "2008.07.03"]
[SourceVersion "1"]
[SourceVersionDate "2008.07.03"]
[SourceQuality "1"]

1. Nf3 Nf6 2. c4 e6 3. g3 d5 4. Bg2 c6 5. b3 Nbd7 6. 0-0 Bd6 7. Bb2 0-0 8. d4 Qc7 9. Nbd2 b6 10. Qc2 Ng4 11. e4 h5 12. Ng5 Be7 13. Ndf3 g6 14. cxd5 exd5 15. exd5 Ba6 16. Rfe1 Bb4 17. Rec1 Rae8 18. Qxc6 Qxc6 19. dxc6 Ndf6 20. a3 Bd6 21. Re1 Nd5 22. h3 Ngf6 23. Ne5 Bc7 24. Ne4 Nxe4 25. Rxe4 Bxe5 26. Rxe5 Nc7 27. d5 Nb5 28. Rae1 Nd6 29. Rxe8 Nxe8 30. Re7 1-0

[Event "Rhein Main op 10th"]
[Site "Bad Homburg"]
[Date "2007.06.07"]
[Round "2"]
[White "Milov, Leonid"]
[Black "Novak, Volker"]
[Result "1-0"]
[WhiteElo "2482"]
[BlackElo "2064"]
[PlyCount "43"]
[EventDate "2007.06.06"]
[EventType "swiss"]
[EventRounds "7"]
[EventCountry "GER"]
[SourceTitle "EXT 2008"]
[Source "ChessBase"]
[SourceDate "2007.11.25"]
[SourceVersion "1"]
[SourceVersionDate "2007.11.25"]
[SourceQuality "1"]

1. e4 e6 2. Nf3 d5 3. Nc3 Nf6 4. e5 Nfd7 5. d4 c5 6. Ne2 cxd4 7. Nexd4 Nc6 8. Bf4 Bc5 9. c3 Qb6 10. Be2 Qxb2 11. Nb5 0-0 12. 0-0 a6 13. Rb1 Qxa2 14. Ra1 Qb2 15. Qd3 axb5 16. Rxa8 b4 17. Ng5 g6 18. Qh3 h5 19. Bxh5 Kg7 20. Bxg6 Rh8 21. Nxe6+ fxe6 22. Qxe6 1-0